<?xml version="1.0" encoding="UTF-8"?>
<record
    xmlns:xsi="http://www.w3.org/2001/XMLSchema-instance"
    xsi:schemaLocation="http://www.loc.gov/MARC21/slim http://www.loc.gov/standards/marcxml/schema/MARC21slim.xsd"
    xmlns="http://www.loc.gov/MARC21/slim">

  <leader>00372nam a22001457a 4500</leader>
  <controlfield tag="001">T027600009753</controlfield>
  <controlfield tag="008">181111b        xve|||||r|||| 00| | esp d</controlfield>
  <datafield tag="099" ind1=" " ind2=" ">
    <subfield code="3">P.O.</subfield>
    <subfield code="a">351</subfield>
    <subfield code="b">V458.I</subfield>
    <subfield code="c">1963</subfield>
  </datafield>
  <datafield tag="100" ind1=" " ind2=" ">
    <subfield code="a">CORDIPLAN.</subfield>
  </datafield>
  <datafield tag="245" ind1=" " ind2=" ">
    <subfield code="a">II Plan de la Naci&#xF3;n 1963-1966. Tomo I.</subfield>
  </datafield>
  <datafield tag="260" ind1=" " ind2=" ">
    <subfield code="a"></subfield>
  </datafield>
  <datafield tag="500" ind1=" " ind2=" ">
    <subfield code="a"></subfield>
  </datafield>
  <datafield tag="650" ind1=" " ind2=" ">
    <subfield code="a">Venezuela- -Planes de la Naci&#xF3;n 1963-1966.</subfield>
  </datafield>
  <datafield tag="942" ind1=" " ind2=" ">
    <subfield code="c">LIB</subfield>
  </datafield>
  <datafield tag="999" ind1=" " ind2=" ">
    <subfield code="c">10844</subfield>
    <subfield code="d">10844</subfield>
  </datafield>
  <datafield tag="952" ind1=" " ind2=" ">
    <subfield code="0">0</subfield>
    <subfield code="1">0</subfield>
    <subfield code="4">0</subfield>
    <subfield code="7">0</subfield>
    <subfield code="a">FEVP</subfield>
    <subfield code="b">FEVP</subfield>
    <subfield code="d">2018-11-13</subfield>
    <subfield code="l">0</subfield>
    <subfield code="o">P.O. 351 V458.I 1963</subfield>
    <subfield code="p">T027600012630</subfield>
    <subfield code="r">2018-11-13 00:00:00</subfield>
    <subfield code="w">2018-11-13</subfield>
    <subfield code="y">LIB</subfield>
  </datafield>
  <datafield tag="952" ind1=" " ind2=" ">
    <subfield code="0">0</subfield>
    <subfield code="1">0</subfield>
    <subfield code="4">0</subfield>
    <subfield code="7">0</subfield>
    <subfield code="a">FEVP</subfield>
    <subfield code="b">FEVP</subfield>
    <subfield code="d">2018-11-13</subfield>
    <subfield code="l">0</subfield>
    <subfield code="o">P.O. 351 V458.I 1963</subfield>
    <subfield code="p">T027600012631</subfield>
    <subfield code="r">2018-11-13 00:00:00</subfield>
    <subfield code="t">e.2</subfield>
    <subfield code="w">2018-11-13</subfield>
    <subfield code="y">LIB</subfield>
  </datafield>
  <datafield tag="952" ind1=" " ind2=" ">
    <subfield code="0">0</subfield>
    <subfield code="1">0</subfield>
    <subfield code="4">0</subfield>
    <subfield code="7">0</subfield>
    <subfield code="a">FEVP</subfield>
    <subfield code="b">FEVP</subfield>
    <subfield code="d">2018-11-13</subfield>
    <subfield code="l">0</subfield>
    <subfield code="o">P.O. 351 V458.I 1963</subfield>
    <subfield code="p">T027600012632</subfield>
    <subfield code="r">2018-11-13 00:00:00</subfield>
    <subfield code="t">e.3</subfield>
    <subfield code="w">2018-11-13</subfield>
    <subfield code="y">LIB</subfield>
  </datafield>
</record>
